LEADER 01270nam a2200253 i 4500 001 000000161585 003 CaOOAMICUS 005 20080304000000.0 008 080304s1982 it u000 u ita u 013 $a138948 040 $aSeMil$bita 245 10$aBernardino da Siena :$braccolta di scritti e medaglia commemorativa del pellegrinaggio apostolico delle spoglie del Santo a Carpi in occasione del 6. centenario della nascita : 1380-1980. 260 $aMilano :$bIl portico,$cstampa 1982. 300 $a1 v. :$briccamente ill. ;$c21x21 cm. 490 0 $aProfili carpigiani ;$v1 500 $aFondo Card. Giovanni Colombo. 600 04$aBernardino : da Siena .$0(OLS)http://semarc/subject/481 830 0$aProfili carpigiani ;$v1.$0(OLS)http://semarc/title/25307 850 $aSeMil 852 $aSeMil$W1$xVenegono$y1$m3H II 400$j112972$B112972$CSeMilBibl$Z2$F133418 $81 941 1 $a3 961 $aLascito: Colombo Card. Giovanni 996 $6245$aBernardino da Siena :$braccolta di scritti e medaglia commemorativa del pellegrinaggio apostolico delle spoglie del Santo a Carpi in occasione del 6. centenario della nascita : 1380-1980$9(OLS)http://semarc/title/144762 996 $6260$aMilano :$bIl portico$9(OLS)http://semarc/publisher/41831 LEADER 01089nam a2200253 i 4500 001 000000104057 003 CaOOAMICUS 005 20200825175222.0 008 160811s1829 it u000 u fre u 013 $a76244 026 $at.o- e.ts ieen onde (3) 1829 (R) 040 $aSeMil$bita 100 1 $aDroz, Joseph.$0(OLS)http://semarc/name/36408 245 10$aÉconomie politique, ou Principes de la science des richesses par Joseph Droz .. 260 $aBruxelles :$bLibrairie Le Charlier,$c1829$e(Luogo di manifattura non identificato :$fImprimerie de H. Remy,$g1829) 300 $aXVI, 365, [1] p. ;$c12°. 650 4$aEconomia politica.$0(OLS)http://semarc/subject/5038 850 $aSeMil 852 $aSeMil$W1$xVenegono$y1$m3L I 65 FA$j60502$B60502$CSeMilBibl$Z2$F44965 $8I 941 1 $a10 961 $aRecupero: Mantegazza 996 $6245$aÉconomie politique, ou Principes de la science des richesses par Joseph Droz ..$9(OLS)http://semarc/title/150969 996 $6260$aBruxelles :$bLibrairie Le Charlier$9(OLS)http://semarc/publisher/44731